| 000 | 00766nam a22002177a 4500 | ||
|---|---|---|---|
| 005 | 20251108164222.0 | ||
| 008 | 250721s1996 xx 000 0 ara d | ||
| 082 | 1 | 4 | _a327.17/هيك |
| 100 | 1 | _aهيكل، محمد حسنين | |
| 245 | 1 | 0 |
_aالمفاوضات السرية بين العرب و إسرائيل : _bعواصف الحرب و عواصف السلام / |
| 250 | _aط5. | ||
| 264 | 1 |
_aالقاهرة : _bدار الشروق، _c1996. |
|
| 300 | _a462ص | ||
| 650 | 1 | 7 | _aالسلام |
| 650 | 1 | 7 | _aمفاوضات السلام العربية الإسرائيلية |
| 650 | 1 | 7 | _aالنزاع العربي الإسرائيلي |
| 650 | 1 | 7 | _aتاريخ مصر |
| 650 | 1 | 7 | _aإتفاقية كامب ديفد 1979 |
| 942 |
_2ddc _cBK |
||
| 999 |
_c6647 _d6647 |
||